000 00597cab a2200205 4500
001 WB2337-13
008 090401t1987 xxu||||| |||| 00| 0 eng d
035 _a(Sirsi) u542
041 _aeng
245 _aHousing Bill
260 _c1987
350 _a0
490 _aTimes
_v15/9/87 p5
520 _aReviews comments by Marion Roe, Under Secretary of State at the DoE , concerning increased opportunities for council tenants under the new Housing Bill .
650 _aCOUNCIL HOUSING
650 _aLOCAL AUTHORITIES
690 _aBlock management
_96220
942 _n0
948 _c04/03/1997
999 _c252
_d252